| LEADER |
01418nam0a2200217 450 |
| 001 |
16867799 |
| 010 |
|
|
|a 978-2-08-049404-7
|b br.
|d 16,9
|
| 100 |
|
|
|a 20260306d2026 u u0frey01 ba
|
| 101 |
0 |
|
|a fre
|
| 102 |
|
|
|a FR
|
| 200 |
0 |
|
|a Meilleur !
|e 48 recettes industrielles revisitées à la maison
|
| 207 |
|
1 |
|a
|
| 210 |
|
|
|a Paris
|b 26 rue Racine.
|c Flammarion
|d DL 2025
|
| 215 |
|
|
|a 1 vol. (118 p.)
|d 24 cm
|
| 330 |
|
|
|a Une remarque revient souvent en commentaire des vidéos dans lesquelles je tente de vous alerter sur les produits ultratransformés : « Avec toi, on ne peut plus rien manger ! » Cest dire si les plats industriels se sont imposés dans notre alimentation quotidienne ! Pourtant, leur version « maison » est souvent très simple à réaliser, plus saine et moins coûteuse. Cest lobjectif que Raphaël et moi nous sommes donné : non seulement le prouver, en testant une à une les quarante-huit recettes de ce livre, mais surtout vous permettre de les cuisiner immédiatement vous-même, pour que peu à peu nous remplacions dans nos assiettes les sucres, colorants chimiques et autres additifs en surnombre. Sans jamais renoncer à se faire plaisir !
|
| 676 |
|
|
|a 641.5
|
| 700 |
|
0 |
|a Mohammed
|b Dr Jimmy
|4 70
|
| 702 |
|
0 |
|a Haumont
|b Raphaël
|4 70
|
| 900 |
|
|
|a Documentaire
|
| 901 |
|
|
|a Adultes
|
| 995 |
|
|
|a Médiathèque
|c Médiathèque
|f 089021770
|h 089021770
|k 641.5 MOH
|o p
|q a
|r az
|e Médiathèque
|